| 000 | 00000cam 2200000za 4500 |
| 001 | 9.856690 |
| 003 | CaOODSP |
| 005 | 20221107155606 |
| 007 | cr ||||||||||| |
| 008 | 180516s2008 oncbd #o f00| 0 fre d |
| 020 | |a978-0-662-04051-4 |
| 040 | |aCaOODSP|bfre |
| 043 | |an-cn-nt |
| 086 | 1 |aCW69-1/115F-PDF |
| 100 | 1 |aSamelius, Gustaf. |
| 245 | 13|aLa productivité des petites oies des neiges sur l’île Banks (Territoires du Nord-Ouest), Canada, de 1995 à 1998 |h[ressource électronique] / |cGustaf Samelius, Ray T. Alisauskas, James E. Hines. |
| 260 | |a[Ottawa] : |bService canadien de la faune, |c2008. |
| 300 | |a36 p. : |bcartes, graph. |
| 490 | 1 |aPublication hors-série ; |vn° 115 |
| 500 | |aPublié aussi en anglais sous le titre : Productivity of Lesser Snow Geese on Banks Island, Northwest Territories, Canada, in 1995-1998. |
| 500 | |a« Juin 2008. » |
| 504 | |aComprend des références bibliographiques. |
| 520 | 3 |a« Nous avons estimé qu’entre 264 000 et 452 000 Petites Oies des neiges (Chen caerulescens caerulescens) ont niché à la rivière Egg sur l’île Banks (Territoires du Nord-Ouest) de 1995 à 1998. Cela représente environ le double du nombre d’oies qui, selon les observations, ont niché à cet endroit au cours des années 1980 et nous avons estimé que la population nicheuse a augmenté de 4,2 % par année de 1953 à 1998 »--Résumé. |
| 530 | |aÉgalement publié en version imprimée. |
| 692 | 07|2gccst|aOiseau |
| 692 | 07|2gccst|aPopulation |
| 693 | 4|aOie des neiges |
| 700 | 1 |aAlisauskas, Ray T., |d1956- |
| 700 | 1 |aHines, James Edward. |
| 710 | 1 |aCanada. |bEnvironnement Canada. |
| 710 | 2 |aService canadien de la faune. |
| 775 | 08|tProductivity of lesser snow geese on Banks Island, Northwest Territories, Canada, in 1995–1998 |w(CaOODSP)9.856191 |
| 776 | 0#|tLa productivité des Petites Oies des neiges sur l'île Banks (Territoires du Nord-Ouest), Canada, de 1995 à 1998 / |w(CaOODSP)9.627809 |
| 830 | #0|aPublication hors-série (Service canadien de la faune)|vn° 115|w(CaOODSP)9.501188 |
| 856 | 40|qPDF|s765 Ko|uhttps://publications.gc.ca/collections/collection_2018/eccc/CW69-1-115-fra.pdf |